| 000 | 00932nam a2200277Ia 4500 | ||
|---|---|---|---|
| 003 | OSt | ||
| 005 | 20221007122358.0 | ||
| 006 | a|||||r|||| 00| 0 | ||
| 007 | ta | ||
| 008 | 221006b |||||||| |||| 00| 0 eng d | ||
| 020 | _a8120324188 (pbk) | ||
| 024 | _a82668 | ||
| 037 |
_b821, 18/12/2008, Capital Books Pvt.Ltd. _cTextbook |
||
| 040 |
_aPAPL _cPAPL _beng |
||
| 041 |
_2eng _aeng |
||
| 082 | _aC6:212, P3 Carpa | ||
| 100 | _aRoy Sitesh Kumar | ||
| 245 | 0 |
_aMicrowave semiconductor devices _b Mitra Monojit |
|
| 260 |
_aNew _bDelhi Prentice Hall of India Pvt. Ltd. _c2003 |
||
| 300 |
_axi, 192p. _ccm. |
||
| 500 | _aIncludes bibliographical references.; Appendix 187-190p.; Index 191-192p. | ||
| 650 | _aPhysics | ||
| 700 | _a Mitra Monojit | ||
| 942 |
_hC6:212, P3 Carpa _cTB _2CC |
||
| 999 |
_c1210242 _d1210242 |
||